The social and economical changes in the life of below poverty level families due to golden jubilee rural self- employment policy in Maharashtra : (Record no. 27056)

MARC details
000 -LEADER
fixed length control field 00602nam a2200145Ia 4500
041 ## - LANGUAGE CODE
Language code of text/sound track or separate title English
082 ## - DEWEY DECIMAL CLASSIFICATION NUMBER
Classification number RP.0322
100 ## - MAIN ENTRY--AUTHOR NAME
Personal name Patil, Laxman Hanmantrao
Affiliation Shivaji College, Udgir
245 #4 - TITLE STATEMENT
Title The social and economical changes in the life of below poverty level families due to golden jubilee rural self- employment policy in Maharashtra :
Sub Title A case study /
Statement of responsibility, etc Laxman Hanmantrao Patil
260 ## - PUBLICATION, DISTRIBUTION, ETC. (IMPRINT)
Place of publication New Delhi :
Name of publisher/Sponsor Indian Council of Social Science Research,
Year of publication 2015
300 ## - PHYSICAL DESCRIPTION
Number of Pages 107p
650 ## - SUBJECT ADDED ENTRY--TOPICAL TERM
Topical Term Employment policies
Form subdivision Self Employment Policies
General subdivision India
Geographic subdivision Maharashtra
650 ## - SUBJECT ADDED ENTRY--TOPICAL TERM
Topical Term Poverty
942 ## - ADDED ENTRY ELEMENTS (KOHA)
Source of classification or shelving scheme Dewey Decimal Classification
Koha item type Research Reports
Holdings
Withdrawn status Lost status Damaged status Not for loan Collection code Home library Current library Date acquired Source of acquisition Full call number Accession Number Price effective from Koha item type
      Not For Loan Major Research Project Reports NASSDOC Library NASSDOC Library 18/11/2021 Gifted by: RP Division ICSSR RP.0322 51688 20/12/2021 Research Reports